000 00751nam a2200229Ia 4500
999 _c41125
_d41125
001 7775
003 GE_BSU
005 20221116111639.0
008 181216s2009en xx |||||||||||||| ||eng||
020 _a9780750689472 x
040 _cGE_BSU
041 _aeng
080 _a796.5+338.48+910 B-76
100 _aBoniface,Brian
_914788
245 _aWorldwide Destinationns :
_bThe Geography of Travel and Tourism /
_cBrian Boniface.
264 _aAmsterdam :
_bElselvier,
_c2009.
300 _a644 p.:
_b col. Ill.
_c25 cm.
_emaps;
653 _aThe Geography of Travel and Tourism
653 _aWorldwide Destinationns
653 _aმოგზაურობისა და ტურიზმის გეოგრაფია
942 _cBK
_2udc